Villes françaises rivales - Erreurs éliminatoires - Statistiques

Statistiques générales
  • Ce quiz a été pris 170 fois
    158 depuis la dernière actualisation
  • Le résultat moyen est 7 sur 20
Statistiques - réponses
Indice Ville % Correct
Lors du derby footballistique opposant Lyon à Saint-Étienne, ils jouent en vert Saint-Étienne
81%
Ancienne capitale de la région Lorraine Metz
80%
On y trouve le château des ducs de Bretagne Nantes
73%
Ces deux villes du sud-ouest ont une place de la Bourse, mais une seule a un capitole... Toulouse
73%
La ville la plus peuplée des Pays de la Loire...après Nantes Angers
56%
Le port le plus important de Normandie Le Havre
52%
Ville basque en B qui borde l'Océan Biarritz
41%
La plus peuplée des Chalons Chalon-sur-Saône
38%
La ville corse la plus peuplée Ajaccio
31%
Cette importante ville du Centre abrite la cathédrale Sainte-Croix Orléans
31%
Ville en L au cœur du bassin minier...et du derby du Nord Lens
30%
Siège de la région Bourgogne-Franche-Comté Besançon
25%
La préfécture du Morbihan Vannes
25%
Capitale historique de la Provence Aix-en-Provence
17%
Ville la plus peuplée du Haut-Rhin Mulhouse
17%
Port du Pas-de-Calais bordant la mer du Nord Calais
16%
Le territoire de cette commune est au cœur du vignoble de Champagne Reims
14%
Ville pour laquelle Antoine Dupont (Rugby) a le plus joué Toulouse
11%
Capitale historique de la Savoie avant Turin Chambéry
10%
La ville d'eau la plus peuplée au bord du Léman Thonon-les-Bains
9%
Aucun quiz correspondant
Distribution des résultats
% des personnes avec chaque résultat
Percentile par nombre de réponses
Votre historique - résultats
Vous n’avez pas pris ce quiz depuis la dernière actualisation